1466 1690 1613 1212 1313 1223 1283 1539 1225 1480 1530 1525 1688 1575 1572 1347 1381 1007 1886 1304 1996 1196 1739 1440 1502 1179 1892 1902 1908 1295 1872 1516 1680 1246 1745 1763 1077 1017 1695 1781 1378 1229 1665 1849 1608 1051 1786 1731 1091 1030 1528 1576 1753 1422 1051 1644 1163 1699 1004 1401 1691 1091 1019 1943 1800 1948 1767 1934 1115 1966 1559 1596 1483 1551 1842 1099 1403 1010 1012 1533 1926 1140 1002 1211 1430 1285 1787 1711 1175 1756 1212 1550 1045 1037 1513 1870 1051 1131 1083 BCNSPRNW ULIB Ver.6.0+V

เปลี่ยนเป็นภาษาไทย

Change to English
 แสดงรายละเอียดบรรณานุกรม
  กลับหน้าหลัก

Brief Record : Get Marc (ISO 2709) : E-mail record : QR code < ปิดหน้าต่าง
LEADER : 00000nam 2200000uu 4500
001    13399121601
003     ULIB
008    121126s||||||||th 000 0 tha d
020    ^a9789740318934
060 04 ^aWC515^bข982 2550
245 00 ^aไข้หวัดนก :^bพลิกสถานการณ์ด้วยความรู้ /^cบรรณาธิการ,เจนนุช ว่องธวัชชัย, วิโรจน์ ไววานิชกิจ, สุทธิพร จิตต์มิตรภาพ
250    ^aพิมพ์ครั้งที่ 1
260    ^aกรุงเทพฯ :^bสำนักพิมพ์แห่งจุฬาลงกรณ์มหาวิทยาลัย,^c2550
300    ^a249 หน้า :^bภาพประกอบ ;^c21 ซม.
650  7 ^aไข้หวัดนก
650  7 ^aไข้หวัดนก^xวิจัย
700 0  ^aเจนนุช ว่องธวัชชัย,^eบรรณาธิการ
700 0  ^aวิโรจน์ ไววานิชกิจ,^eบรรณาธิการ
700 0  ^aสุทธิพร จิตต์มิตรภาพ,^eบรรณาธิการ
945    ^p150^l0^i14118
945    ^p150^l0^i14119
995    ^aกัณชพร
999 ^a ใช้งานได้ทุกระบบ
รายการนี้ยังไม่มีแท็ก
คุณยังไม่ได้ล็อกอิน คุณสามารถมีกิจกรรมร่วมกับเว็บไซต์ได้ แต่ต้องล็อกอินก่อน ::
  ล็อกอิน

รายการสื่อสารสนเทศ

ลำดับที่ ประเภท เลขเรียก/บาร์โค้ด สถานที่ สถานะ
1. วิทยาศาสตร์การแพทย์ และสุขภาพ
วิทยาศาสตร์การแพทย์ และสุขภาพ
WC515 ข982 2550  
  Barcode: 14118
ห้องสมุดวิทยาเขตสวรรค์ประชารักษ์
►ส่วนจัดเก็บหนังสือเก่า สปร
บนชั้น
  ขอยืม
2. วิทยาศาสตร์การแพทย์ และสุขภาพ
วิทยาศาสตร์การแพทย์ และสุขภาพ
WC515 ข982 2550 ฉ.2 
  Barcode: 14119
ห้องสมุดวิทยาเขตสวรรค์ประชารักษ์
►ส่วนจัดเก็บหนังสือเก่า สปร
บนชั้น
  ขอยืม

รายการใกล้เคียง
    หัวเรื่อง [ไข้หวัดนก]

BibComment


ยังไม่เคยถูกคอมเมนท์

คอมเมนท์ทรัพยากรรายการนี้
  คอมเมนท์: ไข้หวัดนก พลิกส..


 Copyright 2026. Bcnsprnw @Library